000 01793nam a22002417a 4500
999 _c7116
_d7116
003 DO-SdBJH
005 20221011173703.0
008 221011b ||||| |||| 00| 0 spa d
040 _aDO-SdBJH
_bspa
_cDO-SdBJH
090 _aTG EGAEE
_b01840 2020
100 1 _aGervacio Matos, Luis Alfredo
_esustentante
245 1 0 _aFactibilidad de Alianza Estratégica entre el Ministerio de Defensa y el Instituto Dominicano de las Telecomunicaciones (INDOTEL) para desarrollar planes de seguridad cibernética en las dependencias estatales de República Dominicana /
_cLuis Alfredo Gervacio Matos, Emmanuel Ant. Fernández Tapia, asesores Daniel Nin Algarrobo, Santiago Morales Gómez
260 _aSanto Domingo :
_bINSUDE,
_c2020
300 _axi, 83 páginas, cuadros
502 _aTesis (Maestría en Defensa y Seguridad Nacional) -- Instituto Superior para la Defensa (INSUDE). Instituto de Graduados en Altos Estudios Estratégico, 2020
504 _a Incluye referencias bibliográficas e índices
505 _aRelación entre las Ministerio de Defensa y el Instituto Dominicano de las Telecomunicaciones en el contexto de la Seguridad y Defensa Nacional aplicado a la Ciberseguridad. -- Medidas implementadas por el Estado Dominicano para desarrollar planes y estrategias de ciberseguridad a nivel nacional. -- Análisis de factibilidad y propuesta para la selección del pilar estratégico de la END para ser desarrollado por Ministerio de Defensa y el Instituto Dominicano de las Telecomunicaciones
700 1 _aFernández Tapia, Emmanuel Ant.
_esustentante
700 1 _aNin Algarrobo, Daniel
_easesor
700 1 _aMorales Gómez, Santiago
_easesor
830 _aINSUDE. Instituto de Graduados en Altos Estudios Estratégico. Tesis y disertaciones académicas
942 _2CL
_cT